Tous les personnages mentionnés dans Tintin - Statistiques

Statistiques générales
  • Ce quiz a été pris 27 fois
    8 depuis la dernière actualisation
  • Le résultat moyen est 65 sur 281
Statistiques - réponses
Album d'apparition
Personnage % Correct
Tintin au Congo Al Capone
100%
Le Sceptre d’Ottokar Bianca Castafiore
100%
Le Crabe aux Pinces d'Or Capitaine Haddock
100%
Tintin au Congo Milou
100%
Tintin au Congo Tintin
100%
Les Cigares du Pharaon Dupond
83%
Les Cigares du Pharaon Dupont
83%
L'Oreille Cassée Général Alcazar
83%
Le Secret de la Licorne Rackham le Rouge
83%
Le Trésor de Rackham le Rouge Rackham-Lerouge
83%
Le Lotus Bleu Tchang
83%
Tintin au Tibet Tchang Lin-Yi
83%
Le Lotus Bleu Tchang Tchong-Jen
83%
Le Trésor de Rackham le Rouge Tryphon Tournesol
83%
Tintin au Pays de l’Or Noir Abdallah
67%
Les Bijoux de la Castafiore Alfred
67%
Les Cigares du Pharaon Allan Thompson
67%
Tintin au Congo Coco
67%
Le Sceptre d’Ottokar Colonel Boris / Jorgen
67%
Les Bijoux de la Castafiore Coco
67%
Les Cigares du Pharaon Rastapopoulos
67%
L'Ile Noire Docteur Müller
67%
Objectif Lune Frank Wolff
67%
L'Oreille Cassée Général Tapioca
67%
L'Affaire Tournesol Irma
67%
Le Secret de la Licorne Ivan Ivanovitch Sakharine
67%
Objectif Lune Monsieur Baxter
67%
Le Secret de la Licorne Nestor
67%
Coke en Stock Piotr Szut
67%
Vol 714 pour Sydney Spalding
67%
Le Sceptre d’Ottokar Alfred Halambique
50%
Tintin en Amérique Bobby Smiles
50%
L'Affaire Tournesol Boris
50%
Les 7 Boules de Cristal Chiquito (Rupac Inca Huaco)
50%
Les 7 Boules de Cristal Clairmont
50%
Tintin et les Picaros Colonel Alvarez
50%
Le Lotus Bleu Didi
50%
Le Lotus Bleu Mitsuhirato
50%
Le Secret de la Licorne François de Hadoque
50%
Les Bijoux de la Castafiore | Vol 714 pour Sydney Gino
50%
Le Secret de la Licorne G. Loiseau
50%
Les 7 Boules de Cristal Hippolyte Bergamotte
50%
Les Bijoux de la Castafiore Igor Wagner
50%
L'Ile Noire Ivan
50%
Vol 714 pour Sydney Laszlo Carreidas
50%
Les Cigares du Pharaon Le Maharadjah de Rawhajpoutalah
50%
Le Temple du Soleil L’Inca
50%
Les Bijoux de la Castafiore Madame Boullu
50%
Les 7 Boules de Cristal Madame Clairmont
50%
Le Secret de la Licorne Maxime Loiseau
50%
Les Bijoux de la Castafiore Monsieur Boullu
50%
Le Sceptre d’Ottokar Muskar
50%
Le Sceptre d’Ottokar Muskar II
50%
Le Sceptre d’Ottokar Muskar XII
50%
Le Sceptre d’Ottokar Nestor Halambique
50%
Le Crabe aux Pinces d'Or Omar Ben Salaad
50%
L'Oreille Cassée Pablo
50%
L’Etoile Mystérieuse Paul Cantonneau
50%
Tintin et les Picaros Peggy
50%
L’Etoile Mystérieuse Philippulus
50%
L'Affaire Tournesol Professeur Topolino
50%
L'Ile Noire Ranko
50%
Les 7 Boules de Cristal Rascar Capac
50%
Les 7 Boules de Cristal Sanders-Hardmuth
50%
L'Affaire Tournesol Séraphin Lampion
50%
L'Affaire Tournesol Sponsz
50%
Le Lotus Bleu Wang Jen-Ghié
50%
Le Temple du Soleil Zorrino
50%
L'Oreille Cassée Alonzo Perez
33%
Le Secret de la Licorne Aristide Filoselle
33%
Le Secret de la Licorne Barnabé
33%
L'Oreille Cassée Basil Bazaroff
33%
Tintin en Amérique Bison-Flegmatique
33%
Tintin en Amérique Canard-Enroué
33%
L’Etoile Mystérieuse Capitaine Chester
33%
Le Lotus Bleu Dawson
33%
L'Oreille Cassée Lopez
33%
Tintin au Tibet Foudre Bénie
33%
Les 7 Boules de Cristal Hornet
33%
Le Temple du Soleil Huascar
33%
Les Bijoux de la Castafiore Jean-Loup de la Batellerie
33%
Tintin au Tibet Le Yéti
33%
Le Crabe aux Pinces d'Or Lieutenant Delcourt
33%
L'Affaire Tournesol L'Oncle Anatole
33%
Le Secret de la Licorne Madame Pinson
33%
Tintin et les Picaros Manolo
33%
Les 7 Boules de Cristal Marc Charlet
33%
Les Cigares du Pharaon Mohammed
33%
L’Etoile Mystérieuse Monsieur Bohlwinkel
33%
Tintin en Amérique Monsieur Bolivar (Hippolyte)
33%
Les Cigares du Pharaon Oliveira de Figueira
33%
Le Sceptre d’Ottokar Ottokar 1er
33%
Le Sceptre d’Ottokar Ottokar 1er (Przemysl)
33%
Le Sceptre d’Ottokar Ottokar II
33%
Le Sceptre d’Ottokar Ottokar III
33%
Le Sceptre d’Ottokar Ottokar IV
33%
Les 7 Boules de Cristal Professeur Laubépin
33%
L'Oreille Cassée Ramon Bada
33%
L'Oreille Cassée Ridgewell
33%
L'Oreille Cassée Rodriguez
33%
Tintin au Tibet Tharkey
33%
Tintin au Congo | Tintin en Amérique Tom
33%
Les Bijoux de la Castafiore Walter Rizotto
33%
Les 7 Boules de Cristal Yamilah
33%
Tintin au Pays de l’Or Noir Abdul
17%
Tintin au Pays de l’Or Noir Ahmed
17%
Coke en Stock Aïcha
17%
Tintin au Pays de l’Or Noir Ben Kalish Ezab
17%
L'Ile Noire | Tintin en Amérique Bill
17%
Vol 714 pour Sydney Bob
17%
L'Affaire Tournesol Boldov
17%
Tintin au Congo Boule de Neige
17%
Les 7 Boules de Cristal Bruno
17%
Le Crabe aux Pinces d'Or Bunji Kuraki
17%
L'Oreille Cassée Caporal Diaz
17%
L'Oreille Cassée Caraco
17%
Les Cigares du Pharaon E.P.Jacobini
17%
Le Lotus Bleu Gibbons
17%
Les Cigares du Pharaon M.Trentin
17%
L'Oreille Cassée Dr. Eugène Triboulet
17%
Objectif Lune Dr Rotule
17%
Le Lotus Bleu Fan Se-Yeng
17%
Le Lotus Bleu Général Haranochi
17%
Tintin au Congo Gibbons
17%
Vol 714 pour Sydney Hans Boehm
17%
L’Etoile Mystérieuse Hippolyte Calys
17%
Tintin au Congo Jacko
17%
Objectif Lune Jim
17%
Tintin en Amérique Jimmy
17%
L'Affaire Tournesol Jules
17%
Le Crabe aux Pinces d'Or Jumbo
17%
L'Oreille Cassée Kaloma
17%
Tintin au Congo Le Père
17%
Tintin au Tibet Lobsang
17%
Les Bijoux de la Castafiore Matéo
17%
L'Oreille Cassée M. Balthazar
17%
Les Bijoux de la Castafiore Miarka
17%
Vol 714 pour Sydney Mik Ezdanitoff
17%
Le Secret de la Licorne | Tintin en Amérique Mirza
17%
Le Crabe aux Pinces d'Or Mohammed Ben Ali
17%
Le Sceptre d’Ottokar Monsieur Czarlitz
17%
Les Cigares du Pharaon Mr Snowball
17%
Les Cigares du Pharaon Mrs Snowball
17%
Vol 714 pour Sydney Paolo Colombani
17%
Les Cigares du Pharaon Patrash Pasha
17%
Les Cigares du Pharaon Philémon Siclone
17%
L'Affaire Tournesol Plekszy-Gladz
17%
L’Etoile Mystérieuse Porfirio Bolero y Calamares
17%
Les 7 Boules de Cristal Ragdalam
17%
L'Oreille Cassée Rodrigo Tortilla
17%
L'Oreille Cassée R.W. Chicklet
17%
L’Etoile Mystérieuse Smith
17%
Tintin en Amérique Taupe-Au-Regard-Perçant
17%
Le Trésor de Rackham le Rouge Van Damme
17%
Vol 714 pour Sydney Walter
17%
L'Ile Noire William Smith
17%
L'Ile Noire Wronzoff
17%
Le Lotus Bleu Yamato
17%
Le Crabe aux Pinces d'Or Abd El Drachm
0%
Le Crabe aux Pinces d'Or Achmed
0%
Tintin au Pays de l’Or Noir Ali Ben Mahmoud
0%
Le Trésor de Rackham le Rouge Alphonse
0%
Les Bijoux de la Castafiore André
0%
Tintin au Tibet Anseering
0%
L'Affaire Tournesol Arturo Benedetto Giovanni Giuseppe Pietro Archangelo Alfredo Cartoffoli
0%
Tintin au Pays de l’Or Noir Bab El Ehr
0%
Le Sceptre d’Ottokar Baron Almaszout
0%
Le Sceptre d’Ottokar Baron Staszrvich
0%
Tintin en Amérique Béatrice
0%
L'Ile Noire Ben More
0%
Coke en Stock Ben Youssef
0%
L'Ile Noire B. Robertson
0%
Le Lotus Bleu Brown
0%
Le Secret de la Licorne Brutus
0%
Les 7 Boules de Cristal Chandra Patnagar Rabad
0%
Les 7 Boules de Cristal Chaubet
0%
L'Oreille Cassée C.H.J.Walker
0%
Le Trésor de Rackham le Rouge Ch. Stasse
0%
Le Lotus Bleu Cipaçalouvishni
0%
L'Oreille Cassée Colonel Fernandez
0%
L'Oreille Cassée Colonel Jimenez
0%
L'Oreille Cassée Colonel Juanitos
0%
L'Oreille Cassée Commandant Le Goffic
0%
Tintin au Pays de l’Or Noir Daoud
0%
Tintin en Amérique Dick
0%
Le Secret de la Licorne Diego le Navarrais
0%
Les Cigares du Pharaon Carnawal
0%
Les Cigares du Pharaon Mr Peacock
0%
Vol 714 pour Sydney Docteur Krollspell
0%
Les 7 Boules de Cristal Docteur Simon
0%
L'Oreille Cassée Don José Trujillo
0%
Les 7 Boules de Cristal Dorimont
0%
L’Etoile Mystérieuse Douglas
0%
Les Cigares du Pharaon Dr Finney
0%
L'Ile Noire E. Mac Gregor
0%
L’Etoile Mystérieuse Erik Björgensköld
0%
Tintin en Amérique Fred
0%
L'Oreille Cassée Général Mogador
0%
L'Oreille Cassée Général Olivaro
0%
Vol 714 pour Sydney Goldberg
0%
Tintin en Amérique Goodnews
0%
Tintin au Tibet Grand Précieux
0%
L'Ile Noire Hansa Slasxeck
0%
L'Ile Noire Harry
0%
L’Etoile Mystérieuse Hayward
0%
Le Crabe aux Pinces d'Or Herbert Dawes
0%
L'Affaire Tournesol Himmerszeck
0%
L'Ile Noire H. Macleod
0%
Les Cigares du Pharaon Ibn-Abou-Bekhr
0%
Les Cigares du Pharaon I.E.Roghlife
0%
Le Sceptre d’Ottokar J. Kroïszvitch
0%
L’Etoile Mystérieuse Johnson
0%
Le Trésor de Rackham le Rouge Jules Rouget
0%
Le Sceptre d’Ottokar Kaviarovitch
0%
L'Affaire Tournesol Kavitch
0%
L'Ile Noire Kees Nieuwenhuis
0%
L'Affaire Tournesol Kronick
0%
Coke en Stock Kurt
0%
L'Affaire Tournesol Laszlo
0%
L'Affaire Tournesol Lawton
0%
Tintin au Congo Le roi des Babaoro’m
0%
Tintin au Congo Le roi des m’Hatouvou
0%
L'Oreille Cassée Les Dupuis
0%
L'Affaire Tournesol Leslie E Simon
0%
Le Sceptre d’Ottokar Lieutenant Kromir
0%
Le Lotus Bleu Liou Ju-Lin
0%
L'Ile Noire Louis Bonvault
0%
Tintin au Congo Mac Duff
0%
Tintin au Pays de l’Or Noir Mac O’Connor
0%
Le Sceptre d’Ottokar Madame Pirotte
0%
L'Affaire Tournesol Major Kardouk
0%
Tintin au Pays de l’Or Noir M. Barrett
0%
Tintin en Amérique Mike Mac Adam
0%
Tintin au Pays de l’Or Noir Mourad
0%
Tintin en Amérique M.R.C. Sword
0%
Tintin au Congo Muganga
0%
Le Sceptre d’Ottokar Müsstler
0%
Tintin en Amérique Œil-de-Boeuf
0%
L’Etoile Mystérieuse Otto Schulze
0%
L'Ile Noire Otto Steinkopf
0%
Coke en Stock Parker
0%
Le Crabe aux Pinces d'Or | Le Temple du Soleil Pedro
0%
L’Etoile Mystérieuse Pedro Joãs Dos Santos
0%
Tintin en Amérique Pedro Ramona
0%
Tintin au Congo Père Sébastien
0%
Tintin en Amérique Pietro
0%
Le Lotus Bleu Richards
0%
Le Trésor de Rackham le Rouge Rino Tossi
0%
Tintin en Amérique Sam
0%
L'Oreille Cassée Samuel Goldwood
0%
Tintin au Tibet Savoir Infini
0%
Le Sceptre d’Ottokar Schzlozitch
0%
Les 7 Boules de Cristal Séraphin
0%
Le Sceptre d’Ottokar Sirov
0%
L'Ile Noire | Tintin en Amérique Slim
0%
Le Sceptre d’Ottokar Sprbodj
0%
L'Affaire Tournesol Stany
0%
L'Affaire Tournesol Stéphan
0%
Tintin au Tibet Tcheng Li-Kin
0%
Tintin en Amérique Tom Hawake
0%
Les Bijoux de la Castafiore Tristan Bior
0%
L'Ile Noire T. W. Stewart
0%
Objectif Lune Walther
0%
L'Ile Noire Warner Schelhammer
0%
Le Sceptre d’Ottokar Wizskizsek
0%
L'Affaire Tournesol | Objectif Lune Wladimir
0%
Tintin en Amérique W.R.Law
0%
Le Sceptre d’Ottokar Yegor Stassanow
0%
Tintin au Pays de l’Or Noir Youssouf Ben Moulfrid
0%
Le Sceptre d’Ottokar Zlop
0%
Les Cigares du Pharaon Zlotzky
0%
Aucun quiz correspondant
Distribution des résultats
% des personnes avec chaque résultat
Percentile par nombre de réponses
Votre historique - résultats
Vous n’avez pas pris ce quiz depuis la dernière actualisation